| 000 | 00734nam a2200265Ia 4500 | ||
|---|---|---|---|
| 005 | 20260302115054.0 | ||
| 008 | 008 260114s9999 xx 000 0 eng d | ||
| 020 | _a9780755623976 | ||
| 037 | _aTextbook | ||
| 040 | _aCRL | ||
| 040 | _beng | ||
| 040 | _cCRL | ||
| 041 | _2eng | ||
| 041 | _aeng | ||
| 084 | _qCRL | ||
| 100 |
_aNicholas Rowe, Ralph Buck and Rose Martin _91120609 |
||
| 245 | 0 | _aTalking Dance: Contemporary Histories from the Southern Mediterranean | |
| 260 | _bBloomsbury | ||
| 260 | _bI.B. Tauris | ||
| 260 | _c2014 | ||
| 650 | _aLiterary Studies | ||
| 856 | _uhttps://dx.doi.org/10.5040/9780755623976?locatt=label:secondary_bloomsburyCollections | ||
| 942 | _cEBOOK | ||
| 999 |
_c1684853 _d1684853 |
||